Podiums du Supersevens. (2020 - …) - Statistiques

Statistiques générales
  • Ce quiz a été pris 434 fois
    26 depuis la dernière actualisation
  • Le résultat moyen est 6 sur 7
Statistiques - réponses
Vainqueur Finaliste Troisième Club % Correct
2020 RC Toulon
92%
2020 | 2022 | 2023 | 2024 Section paloise
88%
2020 2021 | 2022 Racing 92
83%
2025 2024 Union Bordeaux Bègles
83%
2022 2021 | 2025 Monaco rugby sevens
79%
2023 ASM Clermont
75%
2021 | 2023 | 2024 2025 Barbarians français
58%
Aucun quiz correspondant
Distribution des résultats
% des personnes avec chaque résultat
Percentile par nombre de réponses
Votre historique - résultats
Vous n’avez pas pris ce quiz depuis la dernière actualisation